Language And Socil Networks / (Record no. 184711)
[ view plain ]
| 000 -LEADER | |
|---|---|
| fixed length control field | 00790 a2200181 4500 |
| 003 - CONTROL NUMBER IDENTIFIER | |
| control field | Nust |
| 005 - DATE AND TIME OF LATEST TRANSACTION | |
| control field | 20221216121001.0 |
| 020 ## - INTERNATIONAL STANDARD BOOK NUMBER | |
| International Standard Book Number | 0839141149 |
| 040 ## - CATALOGING SOURCE | |
| Transcribing agency | Nust |
| 082 ## - DEWEY DECIMAL CLASSIFICATION NUMBER | |
| Classification number | 306.44,MIL |
| 100 ## - MAIN ENTRY--PERSONAL NAME | |
| Personal name | Mlroy , Lesley |
| 9 (RLIN) | 105061 |
| 245 ## - TITLE STATEMENT | |
| Title | Language And Socil Networks / |
| Statement of responsibility, etc. | Lesley Milroy |
| 260 ## - PUBLICATION, DISTRIBUTION, ETC. | |
| Place of publication, distribution, etc. | Britian |
| Name of publisher, distributor, etc. | University Press |
| 300 ## - PHYSICAL DESCRIPTION | |
| Extent | 218:p |
| 505 ## - FORMATTED CONTENTS NOTE | |
| Formatted contents note | Language, Class and Community (Paeg-1), Obtaining Data in the Speech Community (Paeg-23), Studing Language in the Community (Paeg-40), The Social Context Of Speech Events (Paeg-70), The Quantitaive Analysis of Linguistic Data (Paeg-109), The Language of the Individual Speaker (Paeg-139), Conclusions and Theoretical Implications (Paeg-173). |
| 650 ## - SUBJECT ADDED ENTRY--TOPICAL TERM | |
| Topical term or geographic name entry element | Language And Socil Networks |
| 9 (RLIN) | 105062 |
| 942 ## - ADDED ENTRY ELEMENTS (KOHA) | |
| Source of classification or shelving scheme | |
| Koha item type | Book |
| Call number prefix | 306.44,MIL |
| Withdrawn status | Lost status | Source of classification or shelving scheme | Damaged status | Not for loan | Permanent Location | Current Location | Shelving location | Date acquired | Total Checkouts | Full call number | Barcode | Date last seen | Date last checked out | Price effective from | Koha item type | Public note |
|---|---|---|---|---|---|---|---|---|---|---|---|---|---|---|---|---|
| Military College of Signals (MCS) | Military College of Signals (MCS) | General Stacks | 12/12/2016 | 1 | 306.44,MIL | MCS21879 | 01/15/2025 | 12/30/2024 | 12/12/2016 | Book | Almirah No.49, Shelf No.2 |
